000
00334nam a22001457a 4500
008
221219b ||||| |||| 00| 0 eng d
020
_a
9780415146999
041
_a
eng
080
_a
159.9
082
_a
159.9PAL
100
_a
25
101
_a
PSI
245
_a
FIFTY KEY THINKERS ON THE ENVIRONMENT
_c
PALMER A J
942
_2
udc
_c
BK
999
_c
59210
_d
59210